000 00490nmm a2200169Ia 4500
008 251105s9999||||xx |||||||||||||||||und||
041 _aspa
100 _aAínsa, Fernando
245 0 _aCuentos Uruguayos
264 _a[Madrid, España] :
_bEditorial Popular,
_c2007
300 _a116 páginas
490 _aLetra Grande / Serie Minor
650 _aTeen & Young Adult Fiction
700 _a Aínsa, Fernando
856 _uhttps://public.digitaliapublishing.com/a/155358
942 _cCF
999 _c61459
_d61459